Metaphors in political discourse bakalárska práca

Gespeichert in:
Bibliographische Detailangaben
1. Verfasser: Jankovichová, Emma
Körperschaft: Fakulta aplikovaných jazykov EU v Bratislave. Katedra jazykovedy a translatológie
Weitere Verfasser: Stradiotová, Eva, 1963-
Format: Buch
Sprache:Englisch
Veröffentlicht: Bratislava 2025
Tags: Tag hinzufügen
Keine Tags, Fügen Sie das erste Tag hinzu!

MARC

LEADER 00000nbm a2200000 4500
001 0308975
005 20260211103828.8
041 0 |a eng 
044 |a SK 
245 1 0 |a Metaphors in political discourse  |b bakalárska práca  |c Emma Jankovichová ; školiteľ: Eva Stradiotová 
264 1 |a Bratislava  |c 2025 
300 |a 44 s. 
100 1 |a Jankovichová, Emma 
700 1 |a Stradiotová, Eva, 1963- 
710 2 |a Fakulta aplikovaných jazykov EU v Bratislave. Katedra jazykovedy a translatológie